000 01223nam a22002897a 4500
999 _c116964
_d116964
003 dpl
005 20181116170637.0
008 181116b ||||| |||| 00| 0 eng d
010 _aB-067521
020 _c150.00
_a8186919295
035 _aB-067521, B-067525
037 _bCen Lib/Ret
040 _aDPL
_bHN
_c0
082 _a
_bसत्यार्थी
100 _aसत्यार्थी, देवेन्द्र
_945
245 _aसूई बाजार /
_cदेवेन्द्र सत्यार्थी; संपादक प्रकाश मनु
246 _aSui bazar /
_bby Devendra Satyarthi; sampadak Prakash Manu
260 _aदिल्ली
_bसाहित्य भारती
_c2002
270 _aके-71, कृष्णनगर
_bदिल्ली
_e110051
300 _a176पृ.
_c21सेमी(सजिल्द)
650 _aहिंदी साहित्य
_x
_z
_969293
650 _aहिंदी -- उपन्यास
_969294
650 _aHindi literature
_v
_969295
650 _aHindi -- fiction
_927248
700 _aप्रकाश मनु
_969296
942 _2ddc
_cHN
_h
_mसत्यार्थी